Report of The Select Committee on Roads and Transport On the Inspection of Some Road Projects in the Northern Sector of the Country (Record no. 1723)

MARC details
000 -LEADER
fixed length control field 00633nam a2200157Ia 4500
008 - FIXED-LENGTH DATA ELEMENTS--GENERAL INFORMATION
fixed length control field 240429s9999||||xx |||||||||||||| ||und||
041 ## - LANGUAGE CODE
Language code of text/sound track or separate title eng
082 ## - DEWEY DECIMAL CLASSIFICATION NUMBER
Classification number CR/RPN/03
100 ## - MAIN ENTRY--PERSONAL NAME
Personal name Select Committee on Roads and Transport
245 #0 - TITLE STATEMENT
Title Report of The Select Committee on Roads and Transport On the Inspection of Some Road Projects in the Northern Sector of the Country
260 ## - PUBLICATION, DISTRIBUTION, ETC.
Name of publisher, distributor, etc. Select Committee on Roads and Transport
Place of publication, distribution, etc. Accra
Date of publication, distribution, etc. 2003
300 ## - PHYSICAL DESCRIPTION
Extent 10p.
650 ## - SUBJECT ADDED ENTRY--TOPICAL TERM
Topical term or geographic name entry element Report of The Select Committee on Roads and Transport On the Inspection - Some Road Projects in the Northern Sector of the Country
942 ## - ADDED ENTRY ELEMENTS (KOHA)
Koha item type Committee Reports
Holdings
Withdrawn status Lost status Damaged status Not for loan Home library Current library Shelving location Date acquired Total checkouts Full call number Date last seen Copy number Price effective from Koha item type
        Main Library Main Library Open Shelves 25/10/2022   CR/RPN/03 3097 C1 - CR/RPN/03 3098 C2 - CR/RPN/03 3099 C3 - CR/RPN/03 3100 C4 - CR/RPN/03 3101 C5 - CR/RPN/03 3102 C6 29/04/2024 1 29/04/2024 Committee Reports
©2026  Parliament of Ghana Library - All rights reserved